| 000 | 00426 a2200157 4500 | ||
|---|---|---|---|
| 999 |
_c6326 _d6326 |
||
| 020 | _a9780174480198 | ||
| 050 | _aQH 308.7 ROB 1986 | ||
| 100 |
_aRoberts, M.B.V. _eauthor |
||
| 245 |
_aBiology: _ba functional approach / _cM.B.V. Roberts |
||
| 250 | _a4th ed | ||
| 264 |
_aCheltenham: _bNelson Thornes, _c1986 |
||
| 300 |
_a693p.: _bill. |
||
| 500 | _aIncludes index | ||
| 650 | _aBiology | ||
| 942 |
_2lcc _cBK _e4th _h308.7 _iROB _kQH |
||